Celoročná ochrana záhradných plodín /

Uložené v:
Podrobná bibliografia
Hlavný autor: Matlák, Juraj (Author, Photographer)
Médium: Kniha
Jazyk:Slovak
Vydané: Bratislava : M-EDIT-OR, 2014.
Vydanie:14. vyd.
Témy:
ISBN: 9788089457076 (brož.)
Fyzický popis: 68 s., 15 s. obr. príl. : fotogr., tab. ; 30 cm.
Tagy: Pridať tag
Žiadne tagy, Buďte prvý kto otaguje tento záznam!

MARC

LEADER 00000nam a2200000 a 4500
001 000453049
005 20140820082355.0
008 140423s2014 xo lo e f 001 0 slo d
020 |a 9788089457076 (brož.) 
040 |a SVKKK  |b slo  |c SVKKK  |e AACR2 
041 0 |a slo 
044 |a xo  |c SK 
072 7 |a 632  |x Ochrana rastlín. Fytopatológia  |2 konspekt 
080 |a 632.6/.7  |2 2001 
080 |a 632.51  |2 2001 
080 |a 635.1/.8  |2 2001 
080 |a 632.2/.4  |2 2001 
080 |a (035)  |2 2001 
100 1 |a Matlák, Juraj  |4 aut  |4 pht 
245 1 0 |a Celoročná ochrana záhradných plodín /  |c Juraj Matlák. 
250 |a 14. vyd. 
260 |a Bratislava :  |b M-EDIT-OR,  |c 2014. 
300 |a 68 s., 15 s. obr. príl. :  |b fotogr., tab. ;  |c 30 cm. 
500 |a Slovník 
504 |a Register: s. 6-7 
650 0 7 |a škodcovia rastlín  |2 SVKKKPH 
650 0 7 |a ochrana rastlín  |2 SVKKKPH 
650 0 7 |a záhradné plodiny  |2 SVKKKPH 
650 0 7 |a choroby rastlín  |2 SVKKKPH 
655 7 |a príručky  |2 SVKKKPH 
910 |a svkkk 
919 |a 978-80-89457-07-6 
998 |a BK 
090 |g SCKHL  |k Sklad Hlavná 10 prízemie  |a V.231978  |j 1056037  |i 2720328050  |s Absenčne